[Event "FIDE World Blitz 2013"]
[Site "Khanty-Mansiysk RUS"]
[Date "2013.06.09"]
[Round "13.30"]
[White "Akbaev, Kazbek"]
[Black "Sibriaev, Aleksandr"]
[Result "0-1"]
[WhiteTitle "IM"]
[BlackTitle "FM"]
[WhiteElo "2475"]
[BlackElo "2239"]
[WhiteFideId "4131045"]
[BlackFideId "4116070"]
[EventDate "2013.06.09"]

1. Nf3 d5 2. e4 c6 3. d3 Bg4 4. Be2 dxe4 5. dxe4 Qxd1+ 6. Bxd1 e6 7. O-O Nd7 8.
h3 Bh5 9. Bf4 Ngf6 10. Nbd2 Bg6 11. Re1 Be7 12. c3 Nc5 13. Bc2 O-O 14. Nh4 Rad8
15. Nxg6 hxg6 16. b4 Rd3 17. Rac1 Rfd8 18. Nc4 Nh5 19. Bh2 Bg5 0-1

[Event "FIDE World Blitz 2013"]
[Site "Khanty-Mansiysk RUS"]
[Date "2013.06.09"]
[Round "14.1"]
[White "Nguyen, Ngoc Truong Son"]
[Black "Nepomniachtchi, Ian"]
[Result "1/2-1/2"]
[WhiteTitle "GM"]
[BlackTitle "GM"]
[WhiteElo "2625"]
[BlackElo "2717"]
[WhiteFideId "12401110"]
[BlackFideId "4168119"]
[EventDate "2013.06.09"]

1. d4 Nf6 2. c4 g6 3. g3 c6 4. Bg2 d5 5. cxd5 cxd5 6. Nf3 Bg7 7. O-O O-O 8. Nc3
Nc6 9. Ne5 e6 10. Bf4 Nd7 11. Nxc6 bxc6 12. Bd6 Re8 13. e3 e5 14. dxe5 Nxe5 15.
Bxe5 Bxe5 16. Rc1 Rb8 17. Na4 Qd6 18. b3 h5 19. Qc2 Bd7 20. Qc5 Qxc5 21. Nxc5
Bf5 22. e4 dxe4 23. Bxe4 Bxe4 24. Nxe4 Bd4 25. Rfe1 c5 26. Kf1 Rbc8 27. Re2 Kg7
28. Rc4 Rc6 29. Nd2 Rxe2 30. Kxe2 Ra6 31. Rc2 Re6+ 32. Kf1 g5 33. Nf3 g4 34.
Nxd4 cxd4 35. Rd2 Re4 36. Re2 f5 37. Rc2 Re7 38. Rc5 d3 39. Rd5 Re2 40. a4 Rd2
41. Rxf5 Rb2 42. Rd5 Rb1+ 43. Kg2 Rxb3 44. Rxh5 Kf6 45. Rd5 Ke6 46. Rd8 Ke5 47.
h3 gxh3+ 48. Kxh3 Ke4 49. Kg2 Rb2 50. Re8+ Kd4 51. Kf3 Rb1 52. Rd8+ Kc3 53. Rc8+
Kd4 54. Rd8+ Kc3 55. Rc8+ Kd4 56. Rd8+ Kc3 57. Ke4 1/2-1/2

[Event "FIDE World Blitz 2013"]
[Site "Khanty-Mansiysk RUS"]
[Date "2013.06.09"]
[Round "14.5"]
[White "Cheparinov, Ivan"]
[Black "Movsesian, Sergei"]
[Result "0-1"]
[WhiteTitle "GM"]
[BlackTitle "GM"]
[WhiteElo "2678"]
[BlackElo "2699"]
[WhiteFideId "2905540"]
[BlackFideId "310204"]
[EventDate "2013.06.09"]

1. d4 d5 2. c4 c6 3. Nf3 Nf6 4. e3 Bg4 5. Nc3 e6 6. h3 Bh5 7. g4 Bg6 8. Ne5 Nbd7
9. Nxg6 hxg6 10. a3 g5 11. Bd2 Be7 12. Qf3 a6 13. Rc1 b5 14. cxd5 cxd5 15. Bd3
Rc8 16. h4 gxh4 17. g5 Ng8 18. g6 f5 19. Ne2 Rxc1+ 20. Bxc1 Ngf6 21. Nf4 Qb6 22.
Bd2 Nf8 23. Ke2 Bd6 24. Rc1 Qb7 25. Ba5 Ke7 26. Rc2 Rh6 27. Qh1 N8d7 28. Qc1 Rh8
29. Bc7 h3 30. Rc6 Bxc7 31. Rxc7 Qb6 32. Rc6 Qb8 33. Rxe6+ Kd8 34. Kf3 h2 35.
Qh1 Ne4 36. Kg2 Ndf6 37. Re5 Qc8 38. Ne6+ Kd7 39. Nxg7 Qg8 40. Nxf5 0-1

[Event "FIDE World Blitz 2013"]
[Site "Khanty-Mansiysk RUS"]
[Date "2013.06.09"]
[Round "14.8"]
[White "Akopian, Vladimir"]
[Black "Grachev, Boris"]
[Result "1-0"]
[WhiteTitle "GM"]
[BlackTitle "GM"]
[WhiteElo "2691"]
[BlackElo "2683"]
[WhiteFideId "13300032"]
[BlackFideId "4129199"]
[EventDate "2013.06.09"]

1. e4 c5 2. Nf3 e6 3. b3 b6 4. c4 Bb7 5. Nc3 d6 6. Bb2 Nf6 7. Bd3 Nc6 8. O-O Be7
9. Bb1 e5 10. Nd5 O-O 11. Re1 Nd4 12. Bxd4 cxd4 13. Bd3 Nd7 14. b4 Re8 15. Qb3
Bf8 16. g3 g6 17. Bf1 Nf6 18. h4 Bc8 19. a4 Nxd5 20. cxd5 Bh6 21. Bb5 Rf8 22. a5
bxa5 23. Rxa5 Rb8 24. Rea1 f5 25. Bd3 f4 26. Be2 fxg3 27. fxg3 Qd7 28. Rxa7 Qg4
29. Nxd4 Qxe4 30. Ne6 Bxe6 31. dxe6 Qxe2 32. e7+ Kh8 33. exf8=Q+ Rxf8 34. Rf7
Rc8 35. Qd1 Qd3 36. Qf1 Qxg3+ 37. Qg2 Qxg2+ 1-0

[Event "FIDE World Blitz 2013"]
[Site "Khanty-Mansiysk RUS"]
[Date "2013.06.09"]
[Round "14.10"]
[White "Andreikin, Dmitry"]
[Black "Potkin, Vladimir"]
[Result "1-0"]
[WhiteTitle "GM"]
[BlackTitle "GM"]
[WhiteElo "2713"]
[BlackElo "2647"]
[WhiteFideId "4158814"]
[BlackFideId "4131061"]
[EventDate "2013.06.09"]

1. e4 c5 2. Nc3 e6 3. g3 Nc6 4. Bg2 Nf6 5. Nge2 d6 6. O-O Be7 7. d3 O-O 8. h3
Rb8 9. f4 d5 10. e5 Nd7 11. g4 b5 12. Ng3 b4 13. Nce2 a5 14. g5 Nd4 15. Nxd4
cxd4 16. b3 Ba6 17. h4 Rc8 18. Nh5 Rc6 19. Rf2 Qc7 20. Bb2 Rc8 21. Rc1 Qb6 22.
Bh3 a4 23. bxa4 Rc3 24. f5 exf5 25. Bxf5 Nxe5 26. Bxc3 Rxc3 27. Qe2 Bd6 28. Re1
Qc7 29. Nf6+ gxf6 30. gxf6 Bc8 31. Bxh7+ Kf8 32. Qh5 Be6 33. Bf5 1-0

[Event "FIDE World Blitz 2013"]
[Site "Khanty-Mansiysk RUS"]
[Date "2013.06.09"]
[Round "14.11"]
[White "Guseinov, Gadir"]
[Black "Vitiugov, Nikita"]
[Result "1-0"]
[WhiteTitle "GM"]
[BlackTitle "GM"]
[WhiteElo "2631"]
[BlackElo "2734"]
[WhiteFideId "13401378"]
[BlackFideId "4152956"]
[EventDate "2013.06.09"]

1. e4 c6 2. d4 d5 3. Nd2 dxe4 4. Nxe4 Bf5 5. Ng3 Bg6 6. h4 h6 7. Nf3 Nd7 8. h5
Bh7 9. Bd3 Bxd3 10. Qxd3 e6 11. Bd2 Ngf6 12. O-O-O Be7 13. Kb1 O-O 14. Ne4 Nxe4
15. Qxe4 Nf6 16. Qe2 Qd5 17. Ne5 Qe4 18. Qxe4 Nxe4 19. Be1 Rfc8 20. f3 Nf6 21.
g4 a5 22. Bh4 c5 23. g5 hxg5 24. Bxg5 Nd5 25. h6 g6 26. h7+ Kg7 27. Bh6+ Kxh7
28. c4 Kg8 29. cxd5 exd5 30. dxc5 Rxc5 31. Be3 Rb5 32. Ng4 f5 33. Bd4 Ra6 34.
Rh8+ Kf7 35. Rh7+ Kf8 36. Ne5 Rd6 37. Rdh1 Bf6 1-0

[Event "FIDE World Blitz 2013"]
[Site "Khanty-Mansiysk RUS"]
[Date "2013.06.09"]
[Round "14.12"]
[White "Riazantsev, Alexander"]
[Black "Inarkiev, Ernesto"]
[Result "0-1"]
[WhiteTitle "GM"]
[BlackTitle "GM"]
[WhiteElo "2708"]
[BlackElo "2680"]
[WhiteFideId "4125029"]
[BlackFideId "4162722"]
[EventDate "2013.06.09"]

1. d4 d5 2. c4 e6 3. Nc3 a6 4. cxd5 exd5 5. Bf4 Nf6 6. e3 Bd6 7. Bg5 Be6 8. Bd3
Nbd7 9. Nge2 h6 10. Bh4 c6 11. f3 Nf8 12. e4 dxe4 13. fxe4 Ng6 14. Bxf6 gxf6 15.
Qd2 Qc7 16. h3 Bg3+ 17. Kd1 O-O-O 18. Kc2 Bh4 19. Rad1 c5 20. d5 c4 21. Kb1 Bg5
22. Qe1 cxd3 23. Rxd3 f5 24. Nb5 Qb6 25. Rc3+ Kb8 26. Qg3+ f4 27. Qe1 Bxd5 28.
exd5 Qxb5 29. Rb3 Qxd5 30. Nc3 Qc6 31. Ka1 Rhe8 32. Qf1 Re3 33. h4 f3 34. gxf3
Bf6 35. Ne4 Rxb3 36. axb3 Bd4 37. Qe2 Nf4 38. Qd2 Ne6 39. Kb1 f5 40. Ng3 Be5 41.
Qf2 Nd4 42. Rd1 Qc7 43. f4 Bxf4 44. Nh5 Be5 45. Rd3 a5 46. Qf1 Rc8 47. Qd1 Qb6
48. Ng3 Bxg3 49. Rxd4 Bc7 50. Qd3 f4 51. Rd5 Rg8 52. Rb5 Qg6 53. Rf5 Rd8 54. Qe4
Qc6 55. Qe2 Qd6 56. Ka2 Qd3 57. Qe6 Qd7 58. Qe4 Qc6 59. Qe2 a4 60. b4 Qd7 61.
Qe4 Qd3 62. Qe6 Qb3+ 63. Qxb3 axb3+ 64. Kxb3 Bd6 65. h5 Rc8 66. Rf6 Rc6 67. Rxh6
Be5 68. Rh7 f3 69. Re7 f2 70. b5 Rf6 71. b6 Rxb6+ 0-1

[Event "FIDE World Blitz 2013"]
[Site "Khanty-Mansiysk RUS"]
[Date "2013.06.09"]
[Round "14.15"]
[White "Zvjaginsev, Vadim"]
[Black "Pridorozhni, Aleksei"]
[Result "1-0"]
[WhiteTitle "GM"]
[BlackTitle "GM"]
[WhiteElo "2659"]
[BlackElo "2512"]
[WhiteFideId "4113403"]
[BlackFideId "4127870"]
[EventDate "2013.06.09"]

1. e4 d6 2. Nc3 Nf6 3. f4 d5 4. e5 d4 5. Nce2 Nd5 6. Nxd4 Nxf4 7. Ndf3 Ng6 8. d4
Bf5 9. Bd3 Bxd3 10. Qxd3 c6 11. Nh3 e6 12. O-O h6 13. Be3 Nd7 14. Rf2 Be7 15.
Raf1 O-O 16. Qe4 c5 17. Nf4 Nxf4 18. Qxf4 cxd4 19. Bxd4 Nb6 20. c3 Nd5 21. Qg4
b5 22. Nd2 Rc8 23. Ne4 b4 24. Rxf7 Rxf7 25. Qxe6 Bf6 26. Nd6 Rc7 27. Nxf7 Rxf7
28. exf6 Nxf6 29. Bxf6 gxf6 30. Qg4+ Rg7 31. Qxb4 Qd2 32. Qe4 Qxb2 33. Rd1 Qb6+
34. Kh1 Qc7 35. c4 Kf8 36. h3 Re7 37. Qg6 Re6 38. Qxh6+ Kg8 39. Qg6+ Kf8 40. c5
Qe7 41. Qg3 Rc6 42. Qb8+ Kf7 43. Rb1 Qxc5 44. Rb7+ Kg6 45. Qg8+ Kf5 46. Qg4+ Ke5
47. Qe2+ Kf5 48. Rb5 1-0

[Event "FIDE World Blitz 2013"]
[Site "Khanty-Mansiysk RUS"]
[Date "2013.06.09"]
[Round "14.18"]
[White "Khairullin, Ildar"]
[Black "Ponkratov, Pavel"]
[Result "0-1"]
[WhiteTitle "GM"]
[BlackTitle "GM"]
[WhiteElo "2658"]
[BlackElo "2605"]
[WhiteFideId "4151348"]
[BlackFideId "4157800"]
[EventDate "2013.06.09"]

1. d4 d5 2. c4 e6 3. Nc3 a6 4. cxd5 exd5 5. Bf4 c6 6. e3 Bd6 7. Bg3 Ne7 8. Nf3
Nf5 9. Bd3 Nxg3 10. hxg3 h6 11. Qc2 a5 12. Ne2 Na6 13. a3 Nc7 14. Nf4 Ne6 15.
O-O-O O-O 16. Kb1 Qe7 17. Rh5 a4 18. Rdh1 Nxf4 19. gxf4 Bg4 20. R5h2 Bxf3 21.
gxf3 b5 22. Qxc6 b4 23. Qxd5 Rfb8 24. Qf5 Qe6 25. Qxe6 fxe6 26. axb4 Rxb4 27.
Ka2 Rab8 28. Rb1 Kf7 29. Rh5 Ra8 30. Rb5 a3 31. b3 Rc8 32. Rxb4 Bxb4 33. Bc4 Kf6
34. Rg1 g6 35. e4 Bd2 36. e5+ Kf7 37. Bd3 Rg8 38. Bc4 Bxf4 39. d5 Rd8 40. dxe6+
Ke7 41. Kxa3 g5 0-1

[Event "FIDE World Blitz 2013"]
[Site "Khanty-Mansiysk RUS"]
[Date "2013.06.09"]
[Round "14.22"]
[White "Ghaem Maghami, Ehsan"]
[Black "Ram, S. Krishnan"]
[Result "1-0"]
[WhiteTitle "GM"]
[WhiteElo "2554"]
[BlackElo "2248"]
[WhiteFideId "12500739"]
[BlackFideId "5010519"]
[EventDate "2013.06.09"]

1. e4 e6 2. d4 d5 3. Nd2 c5 4. Ngf3 cxd4 5. Nxd4 Nf6 6. Bd3 Nc6 7. Nxc6 bxc6 8.
O-O Be7 9. Qe2 O-O 10. b3 a5 11. a3 Qb6 12. Bb2 Ba6 13. c4 Rfd8 14. Bc3 dxe4 15.
Nxe4 Qxb3 16. Rfb1 Qa4 17. Bxf6 gxf6 18. Nc3 1-0

[Event "FIDE World Blitz 2013"]
[Site "Khanty-Mansiysk RUS"]
[Date "2013.06.09"]
[Round "14.23"]
[White "Cherniaev, Alexander"]
[Black "Skatchkov, Pavel"]
[Result "1/2-1/2"]
[WhiteTitle "GM"]
[BlackTitle "GM"]
[WhiteElo "2447"]
[BlackElo "2486"]
[WhiteFideId "4117301"]
[BlackFideId "4121848"]
[EventDate "2013.06.09"]

1. e4 e5 2. Nf3 d5 3. Nc3 d4 4. Ne2 Bd6 5. Ng3 h5 6. c3 h4 7. Nf5 Bxf5 8. exf5
Nc6 9. Bb5 Qf6 10. d3 Ne7 11. Bg5 Qxf5 12. Bxh4 dxc3 13. bxc3 f6 14. O-O O-O-O
15. Bg3 a6 16. Bxc6 Nxc6 17. Rb1 Bc5 18. Qb3 Bb6 19. d4 exd4 20. cxd4 Qd5 21.
Qc2 g5 22. h3 f5 23. Be5 Nxe5 24. Nxe5 Qxd4 25. Nf7 g4 26. Qxf5+ Kb8 27. Nxh8
gxh3 28. Qxh3 Rxh8 29. Rbd1 Qe5 30. Rfe1 Qf6 31. Qf3 Qh4 32. g3 Qh2+ 33. Kf1
Qh3+ 34. Kg1 Rg8 35. Rd3 Rh8 36. Qg2 Qf5 37. Red1 Ka7 38. Qf3 Qh3 39. Qg2 Qf5
40. Qf3 Qh3 41. Qg2 Qf5 42. Qf3 Qh3 43. a4 a5 44. Qg2 Qf5 45. Rd5 Qg4 46. R5d3
Qxa4 47. Qf3 Qa2 48. R3d2 Qc4 49. Rd3 Qc5 50. R3d2 Qg5 51. Rd5 Qe7 52. R5d2 Rf8
53. Qg4 Qc5 54. Rf1 Qc3 55. Re2 Rf7 56. Kg2 Qc6+ 57. Qe4 Qf6 58. Qg4 1/2-1/2

[Event "FIDE World Blitz 2013"]
[Site "Khanty-Mansiysk RUS"]
[Date "2013.06.09"]
[Round "14.25"]
[White "Pasiev, Rakhim"]
[Black "Salem, A.R. Saleh"]
[Result "1/2-1/2"]
[WhiteTitle "IM"]
[BlackTitle "GM"]
[WhiteElo "2384"]
[BlackElo "2531"]
[WhiteFideId "24122475"]
[BlackFideId "9301348"]
[EventDate "2013.06.09"]

1. e4 c5 2. Nf3 d6 3. d4 cxd4 4. Nxd4 Nf6 5. Nc3 Nc6 6. Be2 e6 7. Be3 Be7 8. O-O
O-O 9. f4 Bd7 10. Kh1 a6 11. Qe1 b5 12. a3 Qb8 13. Qg3 b4 14. axb4 Nxd4 15. Bxd4
Qxb4 16. Rad1 Bc6 17. e5 dxe5 18. fxe5 Ne4 19. Qh3 Rad8 20. Nxe4 Bxe4 21. Bc3
Qb7 22. Bd3 Bc5 23. Bxe4 Qxe4 24. Rxd8 Rxd8 25. Qf3 Qg6 26. Rd1 Rxd1+ 27. Qxd1
h5 28. Qd3 Qg5 29. g3 Qc1+ 30. Kg2 g5 31. Qd2 Qg1+ 32. Kf3 g4+ 33. Ke4 Qh1+ 34.
Kd3 Qd5+ 35. Ke2 Qf3+ 36. Ke1 Qh1+ 37. Ke2 Qxh2+ 38. Kd3 Qxd2+ 39. Bxd2 Kh7 40.
Ke4 Kg6 41. b4 Bf2 42. Bf4 Be1 43. c4 Bxb4 44. Be3 Ba5 45. c5 Bc7 46. c6 a5 47.
Bc5 a4 48. Bd6 Bb6 49. c7 Bxc7 50. Bxc7 a3 51. Ba5 h4 52. gxh4 Kh5 53. Ke3 Kxh4
54. Kf2 Kh3 55. Kg1 Kg3 56. Bc3 Kf3 57. Ba1 Kg3 58. Bc3 Kf3 59. Ba1 a2 60. Kf1
Kg3 61. Kg1 Kf3 62. Kf1 g3 63. Kg1 Ke4 64. Kg2 Kf4 65. Bb2 Kg4 66. Ba1 Kf4 67.
Bb2 Kg4 68. Ba1 Kf4 69. Bb2 Kg4 70. Ba1 Kf4 71. Bb2 Kg4 72. Ba1 1/2-1/2

[Event "FIDE World Blitz 2013"]
[Site "Khanty-Mansiysk RUS"]
[Date "2013.06.09"]
[Round "14.26"]
[White "Gordievsky, Dmitry"]
[Black "Frolyanov, Dmitry"]
[Result "1-0"]
[WhiteTitle "FM"]
[BlackTitle "GM"]
[WhiteElo "2474"]
[BlackElo "2570"]
[WhiteFideId "24112798"]
[BlackFideId "4151976"]
[EventDate "2013.06.09"]

1. b3 d5 2. Bb2 Nf6 3. e3 e6 4. f4 Be7 5. Nf3 c5 6. Be2 Nc6 7. O-O b6 8. Bb5 Bb7
9. d3 a6 10. Bxc6+ Bxc6 11. Nbd2 Qc7 12. Qe2 O-O 13. Ne5 Ne8 14. Nxc6 Qxc6 15.
Nf3 Bf6 16. Ne5 Qc7 17. Rf3 Nd6 18. Rh3 g6 19. Rf1 Bg7 20. c4 b5 21. Ng4 d4 22.
e4 bxc4 23. bxc4 f5 24. exf5 exf5 25. Qe6+ Qf7 26. Nh6+ Bxh6 27. Qxd6 Bg7 28.
Qxc5 Rac8 29. Qa5 Rb8 30. Qd2 Rfe8 31. Rhf3 Re3 32. Ba1 Rbe8 33. R3f2 Qb7 34.
Qc2 Qc6 35. Bb2 h5 36. Bc1 R3e6 37. Bd2 h4 38. h3 Bf6 39. Qd1 Kg7 40. Qf3 Qc7
41. Rb1 Rb6 42. Rff1 Reb8 43. Rxb6 Rxb6 44. Ba5 1-0

[Event "FIDE World Blitz 2013"]
[Site "Khanty-Mansiysk RUS"]
[Date "2013.06.09"]
[Round "14.27"]
[White "Nadanian, Ashot"]
[Black "Bezgodov, Alexei"]
[Result "0-1"]
[WhiteTitle "IM"]
[BlackTitle "GM"]
[WhiteElo "2428"]
[BlackElo "2482"]
[WhiteFideId "13300393"]
[BlackFideId "4105257"]
[EventDate "2013.06.09"]

1. e4 e5 2. Nf3 Nf6 3. d3 Nc6 4. Be2 g6 5. O-O Bg7 6. c3 d6 7. h3 O-O 8. Bg5 Qe8
9. Qd2 Nh5 10. Nh2 f5 11. Bxh5 gxh5 12. Bh6 fxe4 13. Bxg7 Kxg7 14. Qg5+ Kh8 15.
dxe4 Bxh3 16. Kh1 Be6 17. Nd2 Qg6 18. Qxg6 hxg6 19. Nhf3 Kg7 20. Ng5 Bg8 21. g3
Rad8 22. Kg2 d5 23. a3 d4 24. Ndf3 dxc3 25. bxc3 Rd3 26. Rad1 Rfd8 27. Rc1 Kf6
28. Nh3 Na5 29. Nfg5 Nb3 30. Rce1 Nd2 31. Rh1 Rxc3 32. f4 Nc4 33. fxe5+ Nxe5 34.
Rhf1+ Ke7 35. Nf4 Rd2+ 36. Kg1 c6 37. Rf2 Rxg3+ 38. Rg2 0-1

[Event "FIDE World Blitz 2013"]
[Site "Khanty-Mansiysk RUS"]
[Date "2013.06.09"]
[Round "14.28"]
[White "Kabanov, Nikolai"]
[Black "Byambaa, Zulzaga"]
[Result "0-1"]
[WhiteTitle "GM"]
[BlackTitle "FM"]
[WhiteElo "2472"]
[BlackElo "2285"]
[WhiteFideId "4127820"]
[BlackFideId "4900642"]
[EventDate "2013.06.09"]

1. e4 d6 2. d4 Nf6 3. f3 c6 4. Be3 g6 5. c4 Bg7 6. Nc3 O-O 7. Qd2 e5 8. d5 Nh5
9. Nge2 cxd5 10. cxd5 a6 11. g4 Nf6 12. h4 h5 13. Ng3 Bxg4 14. fxg4 Nxg4 15.
O-O-O Nd7 16. Be2 Ndf6 17. Bg5 Qa5 18. Rdf1 Rac8 19. Kb1 b5 20. Bxg4 Nxg4 21.
Be7 b4 22. Nce2 Rfe8 23. Bxd6 Rc4 24. Rc1 Bh6 25. Qd3 Rxc1+ 26. Rxc1 Bxc1 27.
Nxc1 Qb6 28. Bxe5 Nxe5 29. Qf1 Qe3 30. Qg2 Rc8 31. Nb3 Qe1+ 0-1

[Event "FIDE World Blitz 2013"]
[Site "Khanty-Mansiysk RUS"]
[Date "2013.06.09"]
[Round "14.29"]
[White "Al-Sayed, Mohammed"]
[Black "Potapov, Pavel"]
[Result "0-1"]
[WhiteTitle "GM"]
[BlackTitle "IM"]
[WhiteElo "2498"]
[BlackElo "2460"]
[WhiteFideId "12100196"]
[BlackFideId "4169786"]
[EventDate "2013.06.09"]

1. d4 d5 2. Nf3 Nf6 3. c3 g6 4. Bg5 Bg7 5. Bxf6 Bxf6 6. Nbd2 O-O 7. e4 dxe4 8.
Nxe4 Bg7 9. Bc4 b6 10. Qe2 Bb7 11. h4 e6 12. h5 Nd7 13. hxg6 hxg6 14. Nfg5 Re8
15. O-O-O Nf6 16. Rh3 Nxe4 17. Nxe4 Bxe4 18. Qxe4 b5 19. Bb3 a5 20. Rdh1 a4 21.
Bc2 a3 22. b3 b4 23. Rh7 Qf6 24. R1h3 bxc3 25. Rf3 Qg5+ 26. Kb1 Kxh7 27. Rxf7
Rf8 28. f4 Rxf7 29. fxg5 Rf1+ 30. Bd1 Rxd1+ 31. Kc2 Rd2+ 32. Kc1 Rf8 33. Qh4+
Kg8 34. Qe1 e5 35. dxe5 Rff2 0-1

[Event "FIDE World Blitz 2013"]
[Site "Khanty-Mansiysk RUS"]
[Date "2013.06.09"]
[Round "14.30"]
[White "Sibriaev, Aleksandr"]
[Black "Akbaev, Kazbek"]
[Result "1-0"]
[WhiteTitle "FM"]
[BlackTitle "IM"]
[WhiteElo "2239"]
[BlackElo "2475"]
[WhiteFideId "4116070"]
[BlackFideId "4131045"]
[EventDate "2013.06.09"]

1. Nc3 Nf6 2. e4 d6 3. Nge2 c5 4. g3 g6 5. Bg2 Bg7 6. O-O O-O 7. d3 e6 8. Nf4
Nc6 9. h4 e5 10. Nfe2 Nd4 11. Nxd4 cxd4 12. Ne2 Be6 13. c3 Nd7 14. cxd4 exd4 15.
b3 a5 16. Bb2 Qb6 17. Qd2 a4 18. b4 Rfc8 19. a3 Bb3 20. Rac1 Be6 21. Kh2 h5 22.
Bh3 Nf6 23. f3 Bxh3 24. Kxh3 Nd7 25. Kg2 Kh7 26. Rxc8 Rxc8 27. Rc1 Rf8 28. Nf4 1-0

[Event "FIDE World Blitz 2013"]
[Site "Khanty-Mansiysk RUS"]
[Date "2013.06.09"]
[Round "15.4"]
[White "Nguyen, Ngoc Truong Son"]
[Black "Movsesian, Sergei"]
[Result "1/2-1/2"]
[WhiteTitle "GM"]
[BlackTitle "GM"]
[WhiteElo "2625"]
[BlackElo "2699"]
[WhiteFideId "12401110"]
[BlackFideId "310204"]
[EventDate "2013.06.09"]

1. d4 d5 2. c4 c6 3. cxd5 cxd5 4. Nc3 Nf6 5. Bf4 e6 6. e3 Bd6 7. Bg3 O-O 8. Bd3
a6 9. Nf3 Nc6 10. O-O Bxg3 11. hxg3 Qd6 12. Rc1 e5 13. dxe5 Nxe5 14. Nxe5 Qxe5
15. Be2 Be6 16. Qd4 Qxd4 17. exd4 Rac8 18. f3 Rc6 19. Bd3 Rfc8 20. Kf2 Ne8 21.
Ne2 Nd6 22. Rxc6 Rxc6 23. g4 h6 24. Nf4 g5 25. Nxe6 fxe6 26. Ke2 Kg7 27. Kd2 Nf7
28. Re1 Kf6 29. Bc2 Rc4 30. Kd3 e5 31. dxe5+ Nxe5+ 32. Kd2 Rd4+ 33. Kc3 Rc4+ 34.
Kd2 Rd4+ 35. Kc3 Rc4+ 36. Kd2 1/2-1/2

[Event "FIDE World Blitz 2013"]
[Site "Khanty-Mansiysk RUS"]
[Date "2013.06.09"]
[Round "15.5"]
[White "Cheparinov, Ivan"]
[Black "Najer, Evgeniy"]
[Result "1-0"]
[WhiteTitle "GM"]
[BlackTitle "GM"]
[WhiteElo "2678"]
[BlackElo "2633"]
[WhiteFideId "2905540"]
[BlackFideId "4118987"]
[EventDate "2013.06.09"]

1. d4 d5 2. c4 c6 3. Nf3 Nf6 4. e3 Bg4 5. Nc3 e6 6. h3 Bh5 7. g4 Bg6 8. Ne5 Nbd7
9. Nxg6 hxg6 10. a3 dxc4 11. Bxc4 Nb6 12. Be2 Bd6 13. g5 Nfd5 14. h4 e5 15. Ne4
Bc7 16. Bf3 Qe7 17. dxe5 Bxe5 18. Qc2 O-O-O 19. Bd2 f5 20. gxf6 gxf6 21. O-O-O
Kb8 22. Kb1 f5 23. Ng5 Qf6 24. Bc1 Rhe8 25. Rd3 Nc7 26. Rxd8+ Rxd8 27. Rd1 Rh8
28. Qb3 Nbd5 29. Rh1 Qe7 30. Be2 Bf6 31. Nf3 Bxh4 32. Nd4 Ka8 33. Bf3 Bf6 34.
Rxh8+ Bxh8 35. Qc4 Qf6 36. Bg2 Bg7 37. Bf3 a6 38. Nb3 Bf8 39. Nc5 Qd6 40. Nd3
Qe7 41. Bd2 Qd6 42. Bc1 Be7 43. Bg2 Bf6 44. e4 fxe4 45. Bxe4 g5 46. f3 Be7 47.
Qd4 Qf6 48. Qxf6 Bxf6 49. Nc5 Nf4 50. Nd7 Be7 51. Be3 Ncd5 52. Bd4 b5 53. Be5
Kb7 54. Bd4 Kc7 55. Nc5 a5 56. Bf2 a4 57. Kc2 Nh3 58. Bd4 Bf6 59. Bxf6 Nxf6 60.
Ne6+ Kd6 61. Bf5 Ke5 62. Bxh3 g4 63. fxg4 Ne4 64. Nd8 Nf2 65. Nxc6+ Kd6 66. Bg2
Nxg4 67. Bf3 Ne3+ 68. Kb1 Kc5 69. Nb4 Nc4 70. Be2 Nd6 71. Kc2 Kd4 72. Nc6+ Kc5
73. Ne5 Kd4 74. Nd3 Nc4 75. Nb4 Nd6 76. Bd3 Kc5 77. Kc3 Nf7 78. Na6+ Kb6 79. Nb4
Kc5 80. Nc2 Ne5 81. Be2 Nc6 82. Ne1 Ne7 83. Nd3+ Kb6 84. Bf3 Nf5 85. Be4 Ne3 86.
Kd4 Nc2+ 87. Kc3 Ne3 88. Bf3 Nf5 89. Bg4 Ng3 90. Kd4 Nf1 91. Nb4 Nd2 92. Nd5+
Ka5 93. Be2 Nb3+ 94. Kc3 Nc5 95. Nc7 Ne4+ 96. Kd4 Ng3 97. Bd3 b4 98. Nd5 bxa3
99. bxa3 Nh5 100. Be2 Ng7 101. Bg4 Ne8 102. Kc5 Ng7 103. Kd6 Kb5 104. Be2+ Ka5
105. Ke5 Ne6 106. Bc4 Nd4 107. Ne3 Nb3 108. Kd5 Nd2 109. Bd3 Nb3 110. Nc4+ Kb5
111. Nd2+ Ka5 112. Nb1 Kb6 113. Kc4 Ka5 114. Kc3 Nc5 115. Be2 Ne4+ 116. Kd4 Nd6
117. Bd3 Ne8 118. Nd2 Nc7 119. Bc4 Ne8 120. Ke5 Nc7 121. Kd6 Kb6 122. Bd3 Ne8+
123. Kd5 Nf6+ 124. Kc4 Ka5 125. Bf5 Ng8 126. Kc5 Ne7 127. Nc4+ Ka6 128. Bd7 Ng6
129. Bxa4 Nf4 130. Bb5+ Ka7 131. Ne5 Ne6+ 132. Kb4 Kb6 133. a4 Nf4 134. a5+ Ka7
135. Bc4 Nh5 136. Kb5 Nf6 137. Nc6+ Kb7 138. Ne7 Ka7 139. Bf1 Ne4 140. Bg2 Nd6+
141. Kb4 Ka6 142. Bf1+ Ka7 143. Nc6+ Kb7 144. Nd4 Ne8 145. Nf5 Nc7 146. Bc4 Ne8
147. Kc5 Nf6 148. Nd6+ Ka7 149. Kb5 Nd7 150. Bd5 Nb8 151. Be4 Nd7 152. a6 Nb8
153. Nc8# 1-0

[Event "FIDE World Blitz 2013"]
[Site "Khanty-Mansiysk RUS"]
[Date "2013.06.09"]
[Round "15.9"]
[White "Rublevsky, Sergei"]
[Black "Andreikin, Dmitry"]
[Result "1-0"]
[WhiteTitle "GM"]
[BlackTitle "GM"]
[WhiteElo "2695"]
[BlackElo "2713"]
[WhiteFideId "4115309"]
[BlackFideId "4158814"]
[EventDate "2013.06.09"]

1. e4 e5 2. Nf3 Nc6 3. d4 exd4 4. Nxd4 Bc5 5. Nxc6 Qf6 6. Qf3 bxc6 7. Nd2 d6 8.
Nb3 Bb6 9. Bd2 Qg6 10. Bd3 Ne7 11. a4 a6 12. O-O Bg4 13. Qg3 Be6 14. a5 Ba7 15.
Bc3 O-O 16. Nd4 Bxd4 17. Bxd4 c5 18. Bc3 Qxg3 19. hxg3 Nc6 20. f4 f6 21. Rfd1
Rfb8 22. Be2 Nb4 23. Rd2 Na2 24. Rxa2 Bxa2 25. b3 Bb1 26. Bc4+ Kh8 27. Kf2 Re8
28. Bd5 Rab8 29. Bc6 Re7 30. Ke1 Ba2 31. Kd1 h6 32. Kc1 Bxb3 33. cxb3 Rxb3 34.
Kc2 Rb8 35. Rd1 Kh7 36. g4 c4 37. Rd4 Kg6 38. Rxc4 h5 39. gxh5+ Kxh5 40. g3 Kg4
41. Be1 Kf3 42. e5+ Kg4 43. e6 Kf5 44. Bd7 c5 45. Rc3 Rb4 46. Rd3 Re4 47. Bc3
R4xe6 48. Rxd6 Rxd7 49. Rxd7 g6 50. Rb7 Re3 51. Rb6 Rxg3 52. Rxf6+ Ke4 53. Rxa6
Kd5 54. Rf6 1-0